| 000 | 00963nam a2200265 a 4500 | ||
|---|---|---|---|
| 001 | BRCA_1927 | ||
| 005 | 20190320203615.0 | ||
| 008 | 931109s1990 sp-a---##b---#001-0#spa-d | ||
| 020 | _a8486629365 | ||
| 040 |
_aNjP _cNjP _dDLC |
||
| 050 | 4 |
_aCR2149 _b.M47 1990 |
|
| 100 | 1 |
_aMessía de la Cerda y Pita, Luis F. _95938 |
|
| 245 | 1 | 0 |
_aHeráldica española _bel diseño heráldico _cLuis F. Messía de la Cerda y Pita ; ilustraciones en color Calusa y Tete Messía de la Cerda y Gabeiras. |
| 260 |
_aMadrid _bAldaba _c[1990] |
||
| 300 |
_a229 p. _bil. (algunas a color) _c25 cm. |
||
| 500 | _aIncluye índice onomástico y de linajes y vocabulario heráldico | ||
| 504 | _aBibliografía : p. 223-225 | ||
| 650 | 1 | 4 |
_aHeráldica _zEspaña _95939 |
| 650 | 1 | 4 |
_aHeráldica _xDiseño _95940 |
| 653 | 0 | _aBlasones | |
| 700 | 1 |
_aMessía de la Cerda y Gabeiras, Calusa _95941 |
|
| 700 | 1 |
_aMessía de la Cerda y Gabeiras, Tete _95942 |
|
| 902 | _aREF | ||
| 942 |
_2lcc _cB |
||
| 999 |
_c1699 _d1699 |
||